[Event "Wch Blitz 5th"]
[Site "Moscow"]
[Date "2010.11.16"]
[Round "5"]
[White "Grischuk, Alexander"]
[Black "Mamedov, Rauf"]
[Result "1-0"]
[WhiteElo "2771"]
[BlackElo "2660"]
[PlyCount "85"]
[EventDate "2010.11.16"]
[EventType "tourn (blitz)"]
[EventRounds "38"]
[EventCountry "RUS"]
[EventCategory "20"]
[SourceTitle "EXT 2011"]
[Source "ChessBase"]
[SourceDate "2010.11.26"]
[SourceVersion "1"]
[SourceVersionDate "2010.11.26"]
[SourceQuality "1"]

1. c4 e5 2. g3 g6 3. Bg2 Bg7 4. Nc3 d6 5. d3 Nf6 6. e4 O-O 7. Nge2 c5 8. a3 Nc6
9. Rb1 Nd4 10. b4 b6 11. O-O Be6 12. h3 Rc8 13. Kh2 Nh5 14. Bd2 Kh8 15. a4 Nc6
16. b5 Nd4 17. a5 Ra8 18. Nxd4 cxd4 19. Nd5 Bxd5 20. cxd5 Rc8 21. axb6 axb6 22.
Bb4 Bh6 23. Rb2 Qd7 24. h4 Ng7 25. Bh3 f5 26. Rc2 Rxc2 27. Qxc2 Rc8 28. Qa2 Qc7
29. Kg2 Qd7 30. Ra1 Ne8 31. Qa4 Rc7 32. Ra2 Qc8 33. Qa8 Qd7 34. Bxd6 Qxd6 35.
Qxe8+ Kg7 36. Ra8 Kf6 37. h5 Re7 38. Qh8+ Rg7 39. hxg6 Kg5 40. gxh7 f4 41. Qg8
f3+ 42. Kxf3 Qf6+ 43. Kg2 1-0

[Event "Wch Blitz 5th"]
[Site "Moscow"]
[Date "2010.11.16"]
[Round "6"]
[White "Grachev, Boris V"]
[Black "Grischuk, Alexander"]
[Result "1/2-1/2"]
[WhiteElo "2654"]
[BlackElo "2771"]
[PlyCount "37"]
[EventDate "2010.11.16"]
[EventType "tourn (blitz)"]
[EventRounds "38"]
[EventCountry "RUS"]
[EventCategory "20"]
[SourceTitle "EXT 2011"]
[Source "ChessBase"]
[SourceDate "2010.11.26"]
[SourceVersion "1"]
[SourceVersionDate "2010.11.26"]
[SourceQuality "1"]

1. d4 Nf6 2. Nf3 d6 3. g3 g6 4. Bg2 Bg7 5. O-O O-O 6. c4 Nc6 7. Nc3 a6 8. Qd3
Bd7 9. d5 Nb4 10. Qd1 a5 11. a3 Na6 12. Be3 Nc5 13. Bd4 c6 14. Re1 cxd5 15.
cxd5 a4 16. Bxc5 dxc5 17. e4 Bg4 18. h3 Bxf3 19. Qxf3 1/2-1/2

[Event "Wch Blitz 5th"]
[Site "Moscow"]
[Date "2010.11.16"]
[Round "8"]
[White "Savchenko, Boris"]
[Black "Grischuk, Alexander"]
[Result "0-1"]
[WhiteElo "2632"]
[BlackElo "2771"]
[PlyCount "100"]
[EventDate "2010.11.16"]
[EventType "tourn (blitz)"]
[EventRounds "38"]
[EventCountry "RUS"]
[EventCategory "20"]
[SourceTitle "EXT 2011"]
[Source "ChessBase"]
[SourceDate "2010.11.26"]
[SourceVersion "1"]
[SourceVersionDate "2010.11.26"]
[SourceQuality "1"]

1. e4 c5 2. Nf3 d6 3. d4 cxd4 4. Nxd4 Nf6 5. Nc3 a6 6. Bg5 e6 7. f4 Qb6 8. Qd2
Qxb2 9. Nb3 Qa3 10. Be2 Be7 11. O-O Nc6 12. Qe3 h6 13. Bh4 O-O 14. Bf2 b5 15.
Nb1 Qb4 16. Nc3 Qa3 17. Nb1 Qb4 18. Bd3 Ng4 19. Qb6 Nxf2 20. a3 Qxb3 21. cxb3
Nxd3 22. Qxc6 Rb8 23. b4 Bb7 24. Qc2 Bxe4 25. Qe2 Bf5 26. g4 Bh7 27. f5 Bf6 28.
Ra2 Ne5 29. Nc3 d5 30. fxe6 fxe6 31. Rd2 Rbc8 32. Nd1 Kh8 33. h3 Nc4 34. Ra2 e5
35. Ne3 Nxe3 36. Qxe3 d4 37. Qg3 e4 38. Qd6 d3 39. Rd2 Rfd8 40. Qe6 Bd4+ 41.
Kh2 e3 42. Rg2 e2 43. Re1 Re8 44. Qxa6 d2 45. Rgxe2 dxe1=Q 46. Rxe1 Rc2+ 47.
Kg3 Rxe1 48. Qxb5 Rc3+ 49. Kf4 Bf6 50. Qe8+ Rxe8 0-1

[Event "Wch Blitz 5th"]
[Site "Moscow"]
[Date "2010.11.16"]
[Round "9"]
[White "Grischuk, Alexander"]
[Black "Nepomniachtchi, Ian"]
[Result "0-1"]
[WhiteElo "2771"]
[BlackElo "2720"]
[PlyCount "53"]
[EventDate "2010.11.16"]
[EventType "tourn (blitz)"]
[EventRounds "38"]
[EventCountry "RUS"]
[EventCategory "20"]
[SourceTitle "EXT 2011"]
[Source "ChessBase"]
[SourceDate "2010.11.26"]
[SourceVersion "1"]
[SourceVersionDate "2010.11.26"]
[SourceQuality "1"]

1. c4 e5 2. g3 Nf6 3. Bg2 Nc6 4. Nc3 Bb4 5. Nd5 Nxd5 6. cxd5 Ne7 7. e3 O-O 8.
Ne2 c6 9. a3 Bd6 10. Nc3 Qa5 11. Ne4 Qc7 12. dxc6 dxc6 13. O-O a5 14. b3 Be6
15. Bb2 Rfd8 16. Qc2 f6 17. f4 exf4 18. gxf4 Nf5 19. Bh3 Qf7 20. Nxf6+ gxf6 21.
Bxf5 Bxb3 22. Qc3 Be7 23. Kf2 Rd5 24. Rg1+ Kh8 25. Be4 Rc5 26. Qd3 Bc2 27. Qxc2
0-1

[Event "Wch Blitz 5th"]
[Site "Moscow"]
[Date "2010.11.16"]
[Round "10"]
[White "Nakamura, Hikaru"]
[Black "Grischuk, Alexander"]
[Result "0-1"]
[WhiteElo "2741"]
[BlackElo "2771"]
[PlyCount "76"]
[EventDate "2010.11.16"]
[EventType "tourn (blitz)"]
[EventRounds "38"]
[EventCountry "RUS"]
[EventCategory "20"]
[SourceTitle "EXT 2011"]
[Source "ChessBase"]
[SourceDate "2010.11.26"]
[SourceVersion "1"]
[SourceVersionDate "2010.11.26"]
[SourceQuality "1"]

1. d4 Nf6 2. c4 e6 3. Nc3 Bb4 4. e3 O-O 5. Nge2 d5 6. cxd5 exd5 7. a3 Bd6 8. g3
c6 9. Bg2 a5 10. O-O Na6 11. f3 c5 12. g4 h6 13. h3 Re8 14. f4 Nc7 15. a4 b6
16. Ng3 Ba6 17. Rf2 Qd7 18. Bd2 Rad8 19. Qf3 Bd3 20. g5 hxg5 21. dxc5 Bxc5 22.
fxg5 Ne4 23. Ngxe4 Bxe4 24. Nxe4 dxe4 25. Qh5 g6 26. Qh4 Qxd2 27. Rxd2 Rxd2 28.
Kh1 Nd5 29. Qe1 Rxg2 30. Kxg2 Nxe3+ 31. Kg3 Nc2 32. Qe2 Nxa1 33. h4 Nb3 34. h5
Nd4 35. Qc4 Nf5+ 36. Kh3 Kg7 37. h6+ Kg8 38. Qc3 e3 0-1

[Event "Wch Blitz 5th"]
[Site "Moscow"]
[Date "2010.11.16"]
[Round "11"]
[White "Grischuk, Alexander"]
[Black "Kramnik, Vladimir"]
[Result "1/2-1/2"]
[WhiteElo "2771"]
[BlackElo "2791"]
[PlyCount "88"]
[EventDate "2010.11.16"]
[EventType "tourn (blitz)"]
[EventRounds "38"]
[EventCountry "RUS"]
[EventCategory "20"]
[SourceTitle "EXT 2011"]
[Source "ChessBase"]
[SourceDate "2010.11.26"]
[SourceVersion "1"]
[SourceVersionDate "2010.11.26"]
[SourceQuality "1"]

1. d4 Nf6 2. c4 e6 3. Nf3 d5 4. g3 Bb4+ 5. Bd2 Be7 6. Bg2 O-O 7. O-O c6 8. Bf4
b6 9. Qc2 Bb7 10. Rd1 Nbd7 11. Nc3 dxc4 12. Nd2 Nd5 13. Nxc4 Nxf4 14. gxf4 Qc7
15. e3 Rad8 16. Rac1 c5 17. d5 exd5 18. Bxd5 Nf6 19. Bxb7 Qxb7 20. a4 a6 21.
Rxd8 Rxd8 22. Qb3 Ng4 23. e4 Rd4 24. Qxb6 Qc8 25. Nd5 Bf8 26. f3 Nh6 27. Qb3
Qe6 28. Qc2 Nf5 29. Qf2 h6 30. b3 Rd3 31. Rb1 Nd4 32. Nce3 Qg6+ 33. Kh1 Qh5 34.
Ng4 Qh3 35. Nde3 Nxf3 36. Qg2 Qxg2+ 37. Kxg2 Nd4 38. Nd5 Rxb3 39. Rxb3 Nxb3 40.
Nge3 Nd2 41. e5 c4 42. Kf2 Bc5 43. Ke2 Bxe3 44. Nxe3 c3 1/2-1/2

[Event "Wch Blitz 5th"]
[Site "Moscow"]
[Date "2010.11.16"]
[Round "13"]
[White "Grischuk, Alexander"]
[Black "Caruana, Fabiano"]
[Result "0-1"]
[WhiteElo "2771"]
[BlackElo "2709"]
[PlyCount "68"]
[EventDate "2010.11.16"]
[EventType "tourn (blitz)"]
[EventRounds "38"]
[EventCountry "RUS"]
[EventCategory "20"]
[SourceTitle "EXT 2011"]
[Source "ChessBase"]
[SourceDate "2010.11.26"]
[SourceVersion "1"]
[SourceVersionDate "2010.11.26"]
[SourceQuality "1"]

1. c4 Nf6 2. Nc3 e5 3. Nf3 Nc6 4. g3 Nd4 5. Bg2 Nxf3+ 6. Bxf3 Bb4 7. O-O O-O 8.
d3 c6 9. Bg2 h6 10. Bd2 Re8 11. Rc1 a6 12. Kh1 d6 13. f4 exf4 14. Rxf4 Bg4 15.
Qb3 Bc5 16. e4 b5 17. Rcf1 Bd4 18. Qc2 bxc4 19. dxc4 Be5 20. R4f2 Be6 21. Ne2
d5 22. exd5 cxd5 23. Nf4 Bxf4 24. Rxf4 dxc4 25. Rxf6 gxf6 26. Bc3 Bd5 27. h4
Bxg2+ 28. Qxg2 Qd3 29. Kg1 Rad8 30. Rxf6 Re2 31. Qh3 Qe3+ 32. Kh1 Rd1+ 33. Rf1
Qf3+ 34. Kg1 Rxf1+ 0-1

[Event "Wch Blitz 5th"]
[Site "Moscow"]
[Date "2010.11.16"]
[Round "14"]
[White "Karjakin, Sergey"]
[Black "Grischuk, Alexander"]
[Result "1-0"]
[WhiteElo "2760"]
[BlackElo "2771"]
[PlyCount "94"]
[EventDate "2010.11.16"]
[EventType "tourn (blitz)"]
[EventRounds "38"]
[EventCountry "RUS"]
[EventCategory "20"]
[SourceTitle "EXT 2011"]
[Source "ChessBase"]
[SourceDate "2010.11.26"]
[SourceVersion "1"]
[SourceVersionDate "2010.11.26"]
[SourceQuality "1"]

1. e4 c5 2. Nf3 d6 3. d4 cxd4 4. Qxd4 Nc6 5. Bb5 Bd7 6. Bxc6 Bxc6 7. Nc3 Nf6 8.
Bg5 e6 9. Qd3 Be7 10. Nd4 O-O 11. O-O-O Rc8 12. f4 Qa5 13. Kb1 Rfd8 14. f5 Bd7
15. g4 a6 16. Bd2 Qc7 17. g5 Ne8 18. f6 Bf8 19. Be3 b5 20. h4 Qc4 21. Rhg1 Qxd3
22. cxd3 b4 23. Nce2 e5 24. Nc2 a5 25. Bb6 Nc7 26. Bxa5 b3 27. axb3 Re8 28.
Bxc7 Rxc7 29. Nc3 Be6 30. b4 Rb7 31. Kc1 Rc8 32. Kd2 Kh8 33. fxg7+ Kxg7 34. Ra1
Be7 35. b5 Bd8 36. Ra6 Bb6 37. Rga1 h6 38. gxh6+ Kxh6 39. Ra8 Rbb8 40. Rxb8
Rxb8 41. Ne3 Kh5 42. Ned5 Bd4 43. Ra6 Bxd5 44. Nxd5 Rxb5 45. b4 f5 46. Rxd6 f4
47. Nxf4+ exf4 1-0

[Event "Wch Blitz 5th"]
[Site "Moscow"]
[Date "2010.11.17"]
[Round "18"]
[White "Eljanov, Pavel"]
[Black "Grischuk, Alexander"]
[Result "0-1"]
[WhiteElo "2742"]
[BlackElo "2771"]
[PlyCount "130"]
[EventDate "2010.11.16"]
[EventType "tourn (blitz)"]
[EventRounds "38"]
[EventCountry "RUS"]
[EventCategory "20"]
[SourceTitle "EXT 2011"]
[Source "ChessBase"]
[SourceDate "2010.11.26"]
[SourceVersion "1"]
[SourceVersionDate "2010.11.26"]
[SourceQuality "1"]

1. d4 Nf6 2. c4 g6 3. Nc3 Bg7 4. e4 d6 5. h3 O-O 6. Be3 c5 7. d5 e6 8. Nf3 exd5
9. exd5 Nfd7 10. Bd3 f5 11. O-O Ne5 12. Nxe5 Bxe5 13. f4 Bxc3 14. bxc3 Qf6 15.
Qd2 Na6 16. a4 Bd7 17. a5 Nc7 18. Bf2 Rfe8 19. Kh2 Rad8 20. Rg1 Rf8 21. Rab1
Bc8 22. Bg3 Rde8 23. Rbc1 Qe7 24. Rge1 Qf6 25. Rf1 Kg7 26. Rf3 h6 27. Qf2 Kh8
28. Bb1 Re7 29. Re3 Rxe3 30. Qxe3 Re8 31. Qd2 Kg7 32. Qf2 Qe7 33. Bh4 Qe2 34.
Qxe2 Rxe2 35. Bd3 Re3 36. Rd1 Kf7 37. Kg1 Re8 38. Kf2 Bd7 39. Rb1 Bc8 40. Rg1
Bd7 41. g4 b5 42. axb6 axb6 43. Rb1 Rb8 44. Kf3 Ne8 45. Ra1 Rb7 46. Ra8 b5 47.
cxb5 Bxb5 48. Bxb5 Rxb5 49. Ra7+ Kg8 50. Ra8 Kf7 51. Ra7+ Kg8 52. Re7 Kf8 53.
Re6 Rb3 54. Rxg6 Rxc3+ 55. Kg2 Rd3 56. Rxh6 c4 57. Rh8+ Kf7 58. Rh7+ Kf8 59.
Rh8+ Kf7 60. Rh7+ Kf8 61. Rh8+ Kf7 62. Rh7+ Ng7 63. gxf5 Kg8 64. Rh6 Nxf5 65.
Rg6+ Kh7 0-1

[Event "Wch Blitz 5th"]
[Site "Moscow"]
[Date "2010.11.17"]
[Round "21"]
[White "Grischuk, Alexander"]
[Black "Movsesian, Sergei"]
[Result "1/2-1/2"]
[WhiteElo "2771"]
[BlackElo "2721"]
[PlyCount "55"]
[EventDate "2010.11.16"]
[EventType "tourn (blitz)"]
[EventRounds "38"]
[EventCountry "RUS"]
[EventCategory "20"]
[SourceTitle "EXT 2011"]
[Source "ChessBase"]
[SourceDate "2010.11.26"]
[SourceVersion "1"]
[SourceVersionDate "2010.11.26"]
[SourceQuality "1"]

1. c4 e5 2. g3 Nc6 3. Bg2 Bc5 4. Nc3 Nf6 5. Nf3 d6 6. O-O O-O 7. d3 h6 8. a3 a6
9. b4 Ba7 10. Bb2 Bg4 11. h3 Be6 12. Rc1 Qd7 13. Kh2 Rfe8 14. e3 Ne7 15. Nd2 c6
16. c5 d5 17. Ne2 Bb8 18. e4 Ng6 19. Qc2 Bc7 20. Rcd1 Rad8 21. d4 Qe7 22. dxe5
Nxe5 23. Nf4 dxe4 24. Nxe4 Nxe4 25. Rxd8 Rxd8 26. Qxe4 Nc4 27. Nxe6 Qxe6 28.
Qxe6 1/2-1/2

[Event "Wch Blitz 5th"]
[Site "Moscow"]
[Date "2010.11.17"]
[Round "24"]
[White "Mamedov, Rauf"]
[Black "Grischuk, Alexander"]
[Result "1/2-1/2"]
[WhiteElo "2660"]
[BlackElo "2771"]
[PlyCount "112"]
[EventDate "2010.11.16"]
[EventType "tourn (blitz)"]
[EventRounds "38"]
[EventCountry "RUS"]
[EventCategory "20"]
[SourceTitle "EXT 2011"]
[Source "ChessBase"]
[SourceDate "2010.11.26"]
[SourceVersion "1"]
[SourceVersionDate "2010.11.26"]
[SourceQuality "1"]

1. e4 e6 2. d4 d5 3. Nd2 c5 4. exd5 Qxd5 5. Ngf3 cxd4 6. Bc4 Qd6 7. O-O Nf6 8.
Nb3 Nc6 9. Nbxd4 Nxd4 10. Qxd4 Bd7 11. Be3 a6 12. Rad1 Qxd4 13. Bxd4 Rc8 14.
Bb3 Bb5 15. Rfe1 Bc5 16. c3 Ke7 17. Bxc5+ Rxc5 18. Nd4 Bd7 19. f3 Rhc8 20. Rd2
h5 21. Kf2 g6 22. h4 b5 23. a3 a5 24. Ba2 R5c7 25. Re5 Rb8 26. Nc2 Be8 27. Re1
Nd7 28. Nd4 Nc5 29. b4 Na4 30. Bxe6 fxe6 31. Nxe6 Ra7 32. bxa5 Kf7 33. a6 Kg8
34. Rd6 Nb6 35. Nd4 Nc4 36. Rde6 Kf7 37. g4 hxg4 38. fxg4 Rba8 39. g5 Rxa6 40.
Re7+ Kf8 41. Rc7 R6a7 42. h5 gxh5 43. Kg3 Rxc7 44. Ne6+ Kf7 45. Nxc7 Rxa3 46.
Nxe8 Rxc3+ 47. Kh4 b4 48. Kxh5 Rh3+ 49. Kg4 Re3 50. Nd6+ Ke6 51. Rxe3+ Nxe3+
52. Kf3 b3 53. Ne4 Nd5 54. Nd2 b2 55. g6 Kf6 56. Ke4 Nc3+ 1/2-1/2

[Event "Wch Blitz 5th"]
[Site "Moscow"]
[Date "2010.11.17"]
[Round "27"]
[White "Grischuk, Alexander"]
[Black "Savchenko, Boris"]
[Result "1-0"]
[WhiteElo "2771"]
[BlackElo "2632"]
[PlyCount "74"]
[EventDate "2010.11.16"]
[EventType "tourn (blitz)"]
[EventRounds "38"]
[EventCountry "RUS"]
[EventCategory "20"]
[SourceTitle "EXT 2011"]
[Source "ChessBase"]
[SourceDate "2010.11.26"]
[SourceVersion "1"]
[SourceVersionDate "2010.11.26"]
[SourceQuality "1"]

1. c4 Nf6 2. Nc3 e6 3. Nf3 c5 4. d4 cxd4 5. Nxd4 a6 6. e4 d6 7. Be2 Nbd7 8. O-O
Be7 9. Be3 O-O 10. Qd2 Qc7 11. Rac1 b6 12. Rfd1 Bb7 13. f3 Rac8 14. b4 Qb8 15.
a3 Bd8 16. Kh1 Bc7 17. Bg1 Kh8 18. Qe1 Rg8 19. Na4 g5 20. c5 bxc5 21. bxc5 dxc5
22. Nxc5 Nxc5 23. Rxc5 Be5 24. Rxc8 Rxc8 25. Rb1 Qc7 26. Nb3 g4 27. Nc5 Ba8 28.
Nd3 gxf3 29. Bxf3 Bc3 30. Qh4 Qc4 31. Nf2 Qa2 32. Rc1 Qd2 33. Rd1 Qc2 34. Qh6
Nxe4 35. Nxe4 Bxe4 36. Rc1 Qd3 37. Bxe4 Qxe4 1-0

[Event "Wch Blitz 5th"]
[Site "Moscow"]
[Date "2010.11.17"]
[Round "28"]
[White "Nepomniachtchi, Ian"]
[Black "Grischuk, Alexander"]
[Result "1/2-1/2"]
[WhiteElo "2720"]
[BlackElo "2771"]
[PlyCount "77"]
[EventDate "2010.11.16"]
[EventType "tourn (blitz)"]
[EventRounds "38"]
[EventCountry "RUS"]
[EventCategory "20"]
[SourceTitle "EXT 2011"]
[Source "ChessBase"]
[SourceDate "2010.11.26"]
[SourceVersion "1"]
[SourceVersionDate "2010.11.26"]
[SourceQuality "1"]

1. e4 c5 2. Nf3 e6 3. d4 cxd4 4. Nxd4 a6 5. Nc3 Qc7 6. Bd3 Nc6 7. Nxc6 Qxc6 8.
O-O Ne7 9. Re1 Ng6 10. e5 Qc7 11. Qh5 b5 12. Bxg6 fxg6 13. Qh4 Bb7 14. Bg5 Bc5
15. Ne4 Bxe4 16. Qxe4 O-O 17. Be3 Rac8 18. c3 Rf5 19. Bxc5 Qxc5 20. Qe3 Qxe3
21. Rxe3 Rc5 22. Rd1 Rfxe5 23. Rxd7 Red5 24. Rd3 b4 25. R7xd5 exd5 26. Kf1 Ra5
27. cxb4 Rxa2 28. Rb3 Kf7 29. b5 axb5 30. Rxb5 g5 31. Rb6 g4 32. Ke2 h5 33. Ke3
Ra1 34. Rd6 Rd1 35. b4 Ke7 36. Rg6 Kf7 37. Rb6 d4+ 38. Ke2 Rb1 39. b5 1/2-1/2

[Event "Wch Blitz 5th"]
[Site "Moscow"]
[Date "2010.11.18"]
[Round "30"]
[White "Kramnik, Vladimir"]
[Black "Grischuk, Alexander"]
[Result "0-1"]
[WhiteElo "2791"]
[BlackElo "2771"]
[PlyCount "100"]
[EventDate "2010.11.16"]
[EventType "tourn (blitz)"]
[EventRounds "38"]
[EventCountry "RUS"]
[EventCategory "20"]
[SourceTitle "EXT 2011"]
[Source "ChessBase"]
[SourceDate "2010.11.26"]
[SourceVersion "1"]
[SourceVersionDate "2010.11.26"]
[SourceQuality "1"]

1. d4 Nf6 2. c4 e6 3. g3 Bb4+ 4. Bd2 Be7 5. Bg2 d5 6. Qc2 O-O 7. e3 b6 8. cxd5
exd5 9. Ne2 Ba6 10. Nbc3 c5 11. O-O Nc6 12. Qa4 Bb7 13. dxc5 bxc5 14. Rfd1 Nb4
15. Nb5 a6 16. Nbd4 cxd4 17. Nxd4 a5 18. Bc3 Qe8 19. Qxe8 Rfxe8 20. a3 Nc6 21.
Nb5 Rac8 22. Bxf6 gxf6 23. Bxd5 Ba8 24. e4 Red8 25. Kg2 Kf8 26. Rac1 Ne5 27.
Nc7 Bxd5 28. Nxd5 Nc4 29. b4 axb4 30. axb4 Na3 31. Ra1 Nb5 32. Ra5 Nc3 33. Nxe7
Nxd1 34. Nxc8 Rxc8 35. Ra2 Rb8 36. Rd2 Nc3 37. Rd4 Na2 38. Rd6 Kg7 39. h4 Rxb4
40. f3 Nc3 41. Kh3 Rb7 42. Rd3 Na4 43. Kg4 Nc5 44. Rd5 Ne6 45. f4 Rb4 46. e5
fxe5 47. Rxe5 h6 48. Kh5 Rb3 49. f5 Nf8 50. g4 Nd7 0-1

[Event "Wch Blitz 5th"]
[Site "Moscow"]
[Date "2010.11.18"]
[Round "32"]
[White "Caruana, Fabiano"]
[Black "Grischuk, Alexander"]
[Result "1/2-1/2"]
[WhiteElo "2709"]
[BlackElo "2771"]
[PlyCount "172"]
[EventDate "2010.11.16"]
[EventType "tourn (blitz)"]
[EventRounds "38"]
[EventCountry "RUS"]
[EventCategory "20"]
[SourceTitle "EXT 2011"]
[Source "ChessBase"]
[SourceDate "2010.11.26"]
[SourceVersion "1"]
[SourceVersionDate "2010.11.26"]
[SourceQuality "1"]

1. d4 Nf6 2. c4 g6 3. Nc3 Bg7 4. e4 d6 5. Bd3 O-O 6. Nge2 c5 7. d5 e6 8. Bg5 h6
9. Bh4 g5 10. Bg3 Nh5 11. O-O Na6 12. Qd2 Nc7 13. Bc2 exd5 14. exd5 f5 15. f4
Nxg3 16. Nxg3 g4 17. Rae1 Bd7 18. Kh1 Rf7 19. Re2 Bh8 20. Rfe1 Qf6 21. Re3 Re8
22. Rxe8+ Nxe8 23. Bxf5 Bxf5 24. Rxe8+ Rf8 25. Nce4 Bxe4 26. Nxe4 Qf5 27. Nxd6
Qb1+ 28. Re1 Qxa2 29. Nxb7 Qxc4 30. d6 Rxf4 31. Qd1 Rd4 32. Qb1 Qf7 33. Nd8 Qf6
34. Re8+ Kg7 35. Ne6+ Kf7 36. Rf8+ Kxe6 37. Rxf6+ Bxf6 38. h3 g3 39. d7 Kxd7
40. Qf5+ Ke7 41. Qxc5+ Ke6 42. Qc6+ Kf5 43. Qf3+ Rf4 44. Qd3+ Ke6 45. Qe3+ Be5
46. Qe2 Rf2 47. Qc4+ Kf6 48. b4 Rb2 49. Qc6+ Kg5 50. Qc1+ Kf5 51. Qf1+ Ke6 52.
b5 Kd6 53. Qd3+ Ke7 54. Kg1 Ra2 55. Kf1 Rf2+ 56. Ke1 Rxg2 57. Qe3 Ke6 58. Qxa7
Rb2 59. Qa6+ Kf5 60. Qc8+ Kf4 61. Qc4+ Kf5 62. Qf7+ Ke4 63. Qg6+ Kd5 64. Qd3+
Ke6 65. Qg6+ Kd5 66. Qc6+ Kd4 67. Qd7+ Ke3 68. Qf5 Bc3+ 69. Kd1 g2 70. Qe6+ Kd3
71. Qd5+ Bd4 72. Qf3+ Kc4 73. Qc6+ Kb4 74. Qd6+ Bc5 75. Qf4+ Ka3 76. Qf3+ Ka2
77. Qd5+ Ka1 78. Qa8+ Ra2 79. Qh8+ Rb2 80. Qa8+ Kb1 81. Qe4+ Ka2 82. Qd5+ Ka1
83. Qa8+ Kb1 84. Qe4+ Ka2 85. Qd5+ Ka1 86. Qa8+ Ra2 1/2-1/2

[Event "Wch Blitz 5th"]
[Site "Moscow"]
[Date "2010.11.18"]
[Round "37"]
[White "Grischuk, Alexander"]
[Black "Eljanov, Pavel"]
[Result "0-1"]
[WhiteElo "2771"]
[BlackElo "2742"]
[PlyCount "62"]
[EventDate "2010.11.16"]
[EventType "tourn (blitz)"]
[EventRounds "38"]
[EventCountry "RUS"]
[EventCategory "20"]
[SourceTitle "EXT 2011"]
[Source "ChessBase"]
[SourceDate "2010.11.26"]
[SourceVersion "1"]
[SourceVersionDate "2010.11.26"]
[SourceQuality "1"]

1. c4 Nf6 2. g3 e5 3. Bg2 h6 4. Nc3 Bb4 5. e4 Bxc3 6. bxc3 O-O 7. Ne2 d6 8. O-O
a6 9. a4 Nbd7 10. d3 Nc5 11. h3 Bd7 12. f4 Re8 13. g4 b5 14. axb5 axb5 15. Rxa8
Qxa8 16. fxe5 dxe5 17. Be3 Qa3 18. Bxh6 bxc4 19. dxc4 Bc6 20. Bc1 Qa2 21. Ng3
Nfxe4 22. Nxe4 Bxe4 23. Bxe4 Nxe4 24. Qd5 Nd6 25. g5 Qxc4 26. Qf3 e4 27. Qg3 g6
28. h4 Nf5 29. Qf4 Qxc3 30. Kh2 e3 31. h5 e2 0-1

[Event "RUS-ch 63rd"]
[Site "Moscow"]
[Date "2010.12.13"]
[Round "3"]
[White "Khismatullin, Denis Rimovich"]
[Black "Grischuk, Alexander"]
[Result "1/2-1/2"]
[WhiteElo "2659"]
[BlackElo "2771"]
[PlyCount "36"]
[EventDate "2010.12.11"]
[EventType "tourn"]
[EventRounds "11"]
[EventCountry "RUS"]
[EventCategory "19"]
[SourceTitle "CBM 140"]
[Source "ChessBase"]
[SourceDate "2011.01.18"]
[SourceVersion "1"]
[SourceVersionDate "2011.01.18"]
[SourceQuality "1"]

1. c4 Nf6 2. Nf3 e6 3. g3 d5 4. d4 Bb4+ 5. Bd2 Be7 6. Bg2 O-O 7. O-O c6 8. Bf4
b6 9. Nc3 Nbd7 10. Rc1 Nh5 11. Bd2 Nhf6 12. Bf4 Nh5 13. Bd2 Nhf6 14. Qa4 Bb7
15. Bf4 Nh5 16. Bd2 Nhf6 17. Bf4 Nh5 18. Bd2 Nhf6 1/2-1/2

[Event "RUS-ch 63rd"]
[Site "Moscow"]
[Date "2010.12.14"]
[Round "4"]
[White "Grischuk, Alexander"]
[Black "Kurnosov, Igor"]
[Result "1/2-1/2"]
[WhiteElo "2771"]
[BlackElo "2676"]
[PlyCount "81"]
[EventDate "2010.12.11"]
[EventType "tourn"]
[EventRounds "11"]
[EventCountry "RUS"]
[EventCategory "19"]
[SourceTitle "CBM 140"]
[Source "ChessBase"]
[SourceDate "2011.01.18"]
[SourceVersion "1"]
[SourceVersionDate "2011.01.18"]
[SourceQuality "1"]

1. d4 Nf6 2. c4 g6 3. f3 Nc6 4. d5 Ne5 5. e4 d6 6. Nc3 Bg7 7. f4 Ned7 8. Nh3
O-O 9. Be2 Nc5 10. Nf2 Re8 11. O-O e5 12. dxe6 Bxe6 13. Qc2 Bd7 14. Bf3 Bc6 15.
Bd2 a5 16. Rfe1 Nfd7 17. Rad1 Qe7 18. b3 Qf8 19. Nb5 Bxb5 20. cxb5 Qe7 21. Be3
Rac8 22. a3 Ne6 23. b4 axb4 24. axb4 Nb6 25. Qb3 Ra8 26. g3 Qf6 27. Rd3 Qb2 28.
Qxb2 Bxb2 29. f5 gxf5 30. Bxb6 fxe4 31. Nxe4 cxb6 32. Nxd6 Red8 33. Red1 Ra3
34. Rxa3 Bxa3 35. Nf5 Rxd1+ 36. Bxd1 Bxb4 37. Kg2 Bc5 38. Bb3 Nd4 39. Nxd4 Bxd4
40. Bd5 Kg7 41. Bxb7 1/2-1/2

[Event "RUS-ch 63rd"]
[Site "Moscow"]
[Date "2010.12.16"]
[Round "6"]
[White "Grischuk, Alexander"]
[Black "Tomashevsky, Evgeny"]
[Result "1/2-1/2"]
[WhiteElo "2771"]
[BlackElo "2699"]
[PlyCount "47"]
[EventDate "2010.12.11"]
[EventType "tourn"]
[EventRounds "11"]
[EventCountry "RUS"]
[EventCategory "19"]
[SourceTitle "CBM 140"]
[Source "ChessBase"]
[SourceDate "2011.01.18"]
[SourceVersion "1"]
[SourceVersionDate "2011.01.18"]
[SourceQuality "1"]

1. e4 e5 2. Nf3 Nc6 3. Bb5 a6 4. Ba4 Nf6 5. O-O Be7 6. Re1 b5 7. Bb3 O-O 8. c3
d5 9. exd5 Nxd5 10. Nxe5 Nxe5 11. Rxe5 c6 12. d4 Bd6 13. Re1 Qh4 14. g3 Qh3 15.
Qf3 Bg4 16. Qg2 Qh5 17. Be3 Rae8 18. Nd2 Re7 19. Bxd5 cxd5 20. Bf4 Bh3 21. Qf3
Bg4 22. Qg2 Bh3 23. Qf3 Bg4 24. Qg2 1/2-1/2

[Event "RUS-ch 63rd"]
[Site "Moscow"]
[Date "2010.12.20"]
[Round "9"]
[White "Zvjaginsev, Vadim"]
[Black "Grischuk, Alexander"]
[Result "1/2-1/2"]
[WhiteElo "2676"]
[BlackElo "2771"]
[PlyCount "24"]
[EventDate "2010.12.11"]
[EventType "tourn"]
[EventRounds "11"]
[EventCountry "RUS"]
[EventCategory "19"]
[SourceTitle "CBM 140"]
[Source "ChessBase"]
[SourceDate "2011.01.18"]
[SourceVersion "1"]
[SourceVersionDate "2011.01.18"]
[SourceQuality "1"]

1. e4 c5 2. Nf3 d6 3. d4 cxd4 4. Qxd4 Nf6 5. Nc3 Nc6 6. Bb5 Nd7 7. Qa4 Nb6 8.
Bxc6+ bxc6 9. Qxc6+ Bd7 10. Qb7 Bc8 11. Qc6+ Bd7 12. Qb7 Bc8 1/2-1/2